| 000 -CABECERA |
| campo de control de longitud fija |
00829nam a22002177a 4500 |
| 003 - IDENTIFICADOR DEL NÚMERO DE CONTROL |
| campo de control |
OSt |
| 005 - FECHA Y HORA DE LA ÚLTIMA TRANSACCIÓN |
| campo de control |
20220606093849.0 |
| 008 - DATOS DE LONGITUD FIJA--INFORMACIÓN GENERAL |
| campo de control de longitud fija |
220602b ||||| |||| 00| 0 spa d |
| 020 ## - NÚMERO INTERNACIONAL ESTÁNDAR DEL LIBRO |
| Número Internacional Estándar del Libro |
9786124181221 |
| 040 ## - FUENTE DE LA CATALOGACIÓN |
| Centro/agencia transcriptor |
Biblioteca Municipal de Cusco |
| 082 ## - NÚMERO DE LA CLASIFICACIÓN DECIMAL DEWEY |
| Número de clasificación |
152.42/S68 |
| Notación interna |
S68 |
| 100 ## - ENTRADA PRINCIPAL--NOMBRE DE PERSONA |
| Nombre de persona |
Sordo, Pilar |
| Fechas asociadas al nombre |
1965- |
| 9 (RLIN) |
48061 |
| 245 ## - MENCIÓN DE TÍTULO |
| Título |
Bienvenido dolor : |
| Resto del título |
una invitación a desarrollar la voluntad de ser feliz / |
| Mención de responsabilidad, etc. |
Pilar Sordo |
| 250 ## - MENCIÓN DE EDICIÓN |
| Mención de edición |
Primera edición, segunda reimpresión |
| 260 ## - PUBLICACIÓN, DISTRIBUCIÓN, ETC. |
| Lugar de publicación, distribución, etc. |
Lima : |
| Nombre del editor, distribuidor, etc. |
Booket, |
| Fecha de publicación, distribución, etc. |
2019. |
| 300 ## - DESCRIPCIÓN FÍSICA |
| Extensión |
167 páginas. : |
| Dimensiones |
19 cm. |
| 505 ## - NOTA DE CONTENIDO CON FORMATO |
| Nota de contenido con formato |
Contenido: La felicidad: un valor anhelado. El dolor: un compañero de viaje. La única certeza: la muerte. El cáncer sana. |
| 650 ## - PUNTO DE ACCESO ADICIONAL DE MATERIA--TÉRMINO DE MATERIA |
| Término de materia o nombre geográfico como elemento de entrada |
Felicidad |
| Subdivisión general |
Aspectos psicológicos |
| 9 (RLIN) |
48062 |
| 650 ## - PUNTO DE ACCESO ADICIONAL DE MATERIA--TÉRMINO DE MATERIA |
| Término de materia o nombre geográfico como elemento de entrada |
Sufrimiento |
| Subdivisión general |
Aspectos psicológicos |
| 9 (RLIN) |
48063 |
| 942 ## - ELEMENTOS DE PUNTO DE ACCESO ADICIONAL (KOHA) |
| Fuente del sistema de clasificación o colocación |
|
| Tipo de ítem Koha |
Libros-BMC |